Bands by Greatest Hits #1 - Statistics

General Stats
  • This quiz has been taken 259 times
  • The average score is 6 of 10
Answer Stats
Greatest Hits Band % Correct
Welcome to the Jungle, Sweet Child O' Mine, November Rain Guns N' Roses
97%
Good Times Bad Times, Ramble On, Black Dog Led Zeppelin
67%
Heart of Glass, Rapture, Atomic Blondie
65%
War Pigs, Never Say Die, N.I.B. Black Sabbath
62%
Dreams, Eruption, Hot for Teacher Van Halen
60%
Love Me Two Times, The End, Riders on the Storm The Doors
59%
Take it Easy, Tequila Sunrise, The Best of My Love The Eagles
55%
Mary Jane's Last Dance, I Won't Back Down, American Girl Tom Petty and the Heartbreakers
53%
Working Man, The Spirit of Radio, The Trees Rush
29%
Best of You, All My Life, Big Me Foo Fighters
28%
No matching quizzes found
Score Distribution
Percent of People with Each Score
Percentile by Number Answered
Your Score History
You have not taken this quiz